00311nam a2200121Ia 4500008004100000041001200041082001100053100002400064245003500088250000900123260004900132650000800181221030s9999 xx 000 0 und d aEnglish a1054.6 aVishal Sharma /1110 0aBrillent Mind Knowledge System a2012 bINF WIZ CHANDIGARHaINF WIZ CHANDIGARHc2012 aMCA